LIBRARY & INFORMATION CENTRE, KCAET, TAVANUR

ONLINE PUBLIC ACCESS CATALOGUE (OPAC)

General shop work / (Record no. 1867)

MARC details
000 -LEADER
fixed length control field 00398cam a2200157ua 4500
041 ## - LANGUAGE CODE
Language code of text/sound track or separate title eng
082 ## - DEWEY DECIMAL CLASSIFICATION NUMBER
Classification number 670.423
Item number ASH/GE
100 ## - MAIN ENTRY--AUTHOR NAME
Personal name Ashcorft, C C .
245 ## - TITLE STATEMENT
Title General shop work /
260 ## - PUBLICATION, DISTRIBUTION, ETC. (IMPRINT)
Place of publication Canada :
Name of publisher MacMillan and Company Limited ,
Year of publication 1959.
300 ## - PHYSICAL DESCRIPTION
Number of Pages 280 ; .
700 1# - ADDED ENTRY--PERSONAL NAME
Personal name Easten, J A G .
942 ## - ADDED ENTRY ELEMENTS (KOHA)
Koha item type Books
Holdings
Withdrawn status Lost status Damaged status Home library Current library Date acquired Full call number Accession Number Koha item type
      KAUAET KAUAET 07/04/2012 670.423 3817 Books
free website counter